Un dique en aguas turbulentas (Registro nro. 321885)
[ vista simple ]
| 000 -ENCABEZADO | |
|---|---|
| Número de control [NR] | 00993nam a2200241 4500 |
| 005 - FECHA Y HORA DE LA ÚLTIMA TRANSACCIÓN | |
| control field | 20221125135423.0 |
| 008 - DE LONGITUD FIJA DE DATOS DE ELEMENTOS - INFORMACIÓN GENERAL | |
| Elementos de longitud fija [NR] | 221125s2022 ck a|||gr|||| 00| 0 spa d |
| 020 ## - NUMERO INTERNACIONAL NORMALIZADO PARA LIBROS [R] | |
| Número Internacional Normalizado del libro [NR] | 9789587849516 |
| 040 ## - FUENTE DE CATALOGACION [NR] | |
| Agencia de catalogación original [NR] | CO-BoUCM |
| Idioma de catalogación [NR] | spa |
| Quien Cataloga | Deissy Garcia |
| Quien Clasifica | Deissy Garcia |
| 041 0# - CODIGO DE IDIOMA [R] | |
| Código de idioma para texto/pista de sonido o título separado [R] | Español |
| 100 1# - ASIENTO PRINCIPAL--NOMBRE PERSONAL [NR] | |
| ID Autoridad | 176213 |
| Nombre personal [NR] | Acosta Olaya, Cristian |
| 245 13 - MENCION DE TITULO [NR] | |
| Título [NR] | Un dique en aguas turbulentas |
| Parte restante del título [NR] | identidades políticas, populismo y violencia en la Colombia de Jorge Eliécer Gaitán |
| Mención de responsabilidad, etc. [NR] | Cristian Acosta Olaya |
| 260 ## - PUBLICACION, DISTRIBUCION, ETC. (PIE DE IMPRENTA) [R] | |
| Lugar de publicación, distribución, etc. [R] | Bogotá |
| Nombre del editor, distribuidor, etc. [R] | Universidad del Rosario |
| Fecha de publicación, distribución, etc. [R] | 2022 |
| 300 ## - DESCRIPCION FISICA [R] | |
| Extensión [R] | xiii, 343 páginas |
| Otros detalles físicos [NR] | ilustraciones |
| 504 ## - NOTA DE BIBLIOGRAFIA, ETC. [R] | |
| Nota de bibliografía, etc. [NR] | Incluye referencias bibliográficas |
| 600 #0 - ASIENTO SECUNDARIO DE MATERIA - NOMBRE PERSONAL [R] | |
| 9 (RLIN) | 66330 |
| Nombre personal [NR] | Gaitán, Jorge Eliécer |
| Fechas asociadas con el nombre [NR] | 1898-1948 |
| 650 #0 - ASIENTO SECUNDARIO DE MATERIA - TERMINO TEMATICO [R] | |
| 9 (RLIN) | 173292 |
| Término temático o nombre geográfico como elemento de entrada [NR] | Gaitanismo |
| Subdivisión geográfica [R] | Colombia |
| 650 #0 - ASIENTO SECUNDARIO DE MATERIA - TERMINO TEMATICO [R] | |
| Término temático o nombre geográfico como elemento de entrada [NR] | Violencia política |
| Subdivisión cronológica [R] | 1928-1948 |
| Subdivisión geográfica [R] | Colombia |
| 9 (RLIN) | 176214 |
| 651 1# - ASIENTO SECUNDARIO DE MATERIA - NOMBRE GEOGRAFICO [R] | |
| Nombre geográfico [NR] | Colombia |
| Subdivisión general [R] | Política y gobierno |
| Subdivisión cronológica [R] | 1928-1948 |
| 9 (RLIN) | 176215 |
| 651 1# - ASIENTO SECUNDARIO DE MATERIA - NOMBRE GEOGRAFICO [R] | |
| Nombre geográfico [NR] | Colombia |
| Subdivisión general [R] | Historia |
| 9 (RLIN) | 26897 |
| 942 ## - ELEMENTOS DE ENTRADA AGREGADOS (KOHA) | |
| Sistema de clasificación | DEWEY |
| Tipo de ítem principal el descrito en 300a | Edición Rosarista |
| Tema principal | Derecho |
| Edición | 1 |
| Clasificación | 342.2861 |
| Parte restante de la signatura top. | A185d |
| Título oculto en OPAC | No |
| Total préstamos | Signatura topográfica | Código de barras | Última vez visto | Ejemplar | Costo de reposición | Price effective from | Tipo de ítem | Perdido | Sistema de clasificación | Dañado | No prestable | Tipo de ítem específico | Suprimido | Ubicación habitual | Ubicación actual | Localización | Fecha de creación | Forma de adquisición | Costo |
|---|---|---|---|---|---|---|---|---|---|---|---|---|---|---|---|---|---|---|---|
| 342.2861 A185d | 100170971 | 03/12/2025 | Ej.1 | 40300.00 | 25/11/2022 | Edición Rosarista | DEWEY | Libro Edición Rosarista | Claustro | Claustro | 4to piso | 25/11/2022 | Compra | 40300.00 |